000 00762nam a22002297a 4500
003 OSt
005 20251125110830.0
008 251125b |||||||| |||| 00| 0 eng d
020 _a978-621-451-009-2
040 _aDWC-Main lib
_cOC
082 _aFil. 418.0071 A116l 2021
100 _aAbao, Ethel De Leon
245 _aLanguage learning materials development/
_cEthel De Leon Abao
260 _aQuezin City :
_b Lorimar Publishing Inc.,
_cc2021.
300 _axii, 104 pages : .
_billustrations ;
_c26cm.
504 _aIncludes Bibliographical references
650 _a1. Includes Bibliographical references
650 _a2. Language and Languages
700 _aRivika C. Alda
700 _aRemedios C. Bacus
942 _2ddc
_cBK - FIL
_kFil.
_n0
999 _c6227
_d6227